000 00278nam a2200121Ia 4500
008 190216s9999||||xx |||||||||||||| ||und||
100 _aDr.Manohar Agnani
245 0 _aHindi-Kahan Ko Gayi Betiyan
260 _bVani Prakashan
300 _a142
650 _aHindi
942 _cBK
999 _c16483
_d16483